Samakshama: (Record no. 215738)
[ view plain ]
| 000 -LEADER | |
|---|---|
| fixed length control field | 00626nam a2200229Ia 4500 |
| 003 - CONTROL NUMBER IDENTIFIER | |
| control field | OSt |
| 005 - DATE AND TIME OF LATEST TRANSACTION | |
| control field | 20240808122743.0 |
| 008 - FIXED-LENGTH DATA ELEMENTS--GENERAL INFORMATION | |
| fixed length control field | 210719s2015 xx 000 0 und d |
| 020 ## - INTERNATIONAL STANDARD BOOK NUMBER | |
| International Standard Book Number | 978-93-81410-85-1 |
| 040 ## - CATALOGING SOURCE | |
| Transcribing agency | AL |
| 041 ## - LANGUAGE CODE | |
| Language code of text/sound track or separate title | kan |
| 082 ## - DEWEY DECIMAL CLASSIFICATION NUMBER | |
| Classification number | K894.4 PARS |
| 100 ## - MAIN ENTRY--PERSONAL NAME | |
| Personal name | PARVATHI G AITAL: |
| Dates associated with a name | ಪಾರ್ವತಿ ಜಿ ಐತಾಳ್ |
| 9 (RLIN) | 175823 |
| 245 ## - TITLE STATEMENT | |
| Title | Samakshama: |
| Remainder of title | ಸಮಕ್ಷಮ |
| 260 ## - PUBLICATION, DISTRIBUTION, ETC. | |
| Place of publication, distribution, etc. | Bengaluru |
| Name of publisher, distributor, etc. | Annapurna prakashana |
| Date of publication, distribution, etc. | 2015 |
| 300 ## - PHYSICAL DESCRIPTION | |
| Extent | xi,311 |
| Other physical details | PB |
| 365 ## - TRADE PRICE | |
| Price amount | 225 |
| Currency code | Rs |
| 650 ## - SUBJECT ADDED ENTRY--TOPICAL TERM | |
| Topical term or geographic name entry element | Kannada Prose |
| 9 (RLIN) | 175824 |
| 650 ## - SUBJECT ADDED ENTRY--TOPICAL TERM | |
| Topical term or geographic name entry element | Kannada Prose |
| 9 (RLIN) | 175824 |
| 906 ## - LOCAL DATA ELEMENT F, LDF (RLIN) | |
| a | Samakshama |
| 942 ## - ADDED ENTRY ELEMENTS (KOHA) | |
| Source of classification or shelving scheme | Dewey Decimal Classification |
| Koha item type | Book |
| Withdrawn status | Lost status | Damaged status | Not for loan | Collection code | Home library | Current library | Date acquired | Source of acquisition | Cost, normal purchase price | Total Checkouts | Full call number | Barcode | Date last seen | Price effective from | Koha item type |
|---|---|---|---|---|---|---|---|---|---|---|---|---|---|---|---|
| St Aloysius Library | St Aloysius Library | 05/15/2017 | General Annual | 225.00 | K894.4 PARS | D04372 | 07/19/2021 | 07/19/2021 | Donated Books |